[Event "ROM-chT Div-A"]
[Site "Slanic Moldova"]
[Date "2011.10.09"]
[Round "9"]
[White "Raduica, Remus"]
[Black "Pali, Adrian"]
[Result "1/2-1/2"]
[WhiteElo "2073"]
[BlackElo "2198"]
[PlyCount "67"]
[EventDate "2011.10.03"]
[EventType "team-tourn"]
[EventRounds "9"]
[EventCountry "ROU"]
[SourceTitle "CBM 144 Extra"]
[Source "ChessBase"]
[SourceDate "2011.10.28"]
[SourceVersion "1"]
[SourceVersionDate "2011.10.28"]
[SourceQuality "1"]

1. d4 Nf6 2. Nf3 g6 3. g3 Bg7 4. Bg2 0-0 5. 0-0 c6 6. c4 d6 7. Nc3 Nbd7 8. b3 Qa5 9. Bb2 e5 10. Qd2 Re8 11. dxe5 dxe5 12. Rfd1 Nc5 13. Nd5 Qxd2 14. Nxf6+ Bxf6 15. Nxd2 Bg4 16. Bf3 Bf5 17. Rac1 Rad8 18. Ba3 Bg5 19. Bxc5 Bxd2 20. Ra1 Bc2 21. Rf1 e4 22. Bg2 b6 23. Be3 Bxe3 24. fxe3 Rd2 25. Rae1 f5 26. h3 Kg7 27. g4 Kf6 28. gxf5 gxf5 29. h4 Ke5 30. Bh3 Rf8 31. Rf4 Bd1 32. Rff1 Bc2 33. Rf4 Bd1 34. Rff1 1/2-1/2

[Event "ROM-chT Div-A"]
[Site "Slanic Moldova"]
[Date "2011.10.07"]
[Round "7"]
[White "Munteanu, Ali Eduard"]
[Black "Pali, Adrian"]
[Result "1/2-1/2"]
[WhiteElo "1900"]
[BlackElo "2198"]
[PlyCount "61"]
[EventDate "2011.10.03"]
[EventType "team-tourn"]
[EventRounds "9"]
[EventCountry "ROU"]
[SourceTitle "CBM 144 Extra"]
[Source "ChessBase"]
[SourceDate "2011.10.28"]
[SourceVersion "1"]
[SourceVersionDate "2011.10.28"]
[SourceQuality "1"]

1. d4 Nf6 2. Nf3 g6 3. c4 Bg7 4. Nc3 0-0 5. e4 d6 6. Be2 e5 7. dxe5 dxe5 8. Qxd8 Rxd8 9. Bg5 Re8 10. 0-0 Na6 11. Nd2 h6 12. Be3 Ng4 13. Bxg4 Bxg4 14. f3 Be6 15. a3 Red8 16. Rad1 Rd3 17. Rfe1 Rad8 18. Kf1 Bf8 19. Ke2 Bxa3 20. Nd5 Rxe3+ 21. Nxe3 Bxb2 22. Nb3 Bd4 23. Nd5 Bxd5 24. exd5 Bc3 25. Rf1 Bb4 26. Rd3 Nc5 27. Nxc5 Bxc5 28. Rb1 b6 29. Rb5 Rd6 30. Rxc5 bxc5 31. Ra3 1/2-1/2

[Event "ROM-ch"]
[Site "Curtea de Arges"]
[Date "2002.11.23"]
[Round "1.1"]
[White "Pali, Adrian"]
[Black "Moldovan, Daniel"]
[Result "1/2-1/2"]
[WhiteElo "2191"]
[BlackElo "2460"]
[PlyCount "40"]
[EventDate "2002.12.07"]
[EventType "k.o."]
[EventRounds "5"]
[EventCountry "ROU"]
[SourceTitle "CBM 091 Extra"]
[Source "ChessBase"]
[SourceDate "2003.01.09"]
[SourceVersion "1"]
[SourceVersionDate "2003.01.09"]
[SourceQuality "1"]

1. e4 c5 2. Nf3 g6 3. Bc4 Bg7 4. 0-0 Nc6 5. c3 e6 6. Re1 Nge7 7. d4 cxd4 8. Nxd4 0-0 9. Bg5 h6 10. Bh4 a6 11. Nxc6 bxc6 12. e5 g5 13. Bg3 Nf5 14. Nd2 Nxg3 15. hxg3 d6 16. exd6 Qxd6 17. Ne4 Qe7 18. Qd6 Qxd6 19. Nxd6 a5 20. Rad1 Rd8 1/2-1/2

[Event "Paris-ch op"]
[Site "Paris"]
[Date "2002.07.12"]
[Round "7"]
[White "Salaun, Yann"]
[Black "Pali, Adrian"]
[Result "0-1"]
[WhiteElo "2401"]
[BlackElo "2223"]
[PlyCount "136"]
[EventDate "2002.07.06"]
[EventType "swiss"]
[EventRounds "9"]
[EventCountry "FRA"]
[SourceTitle "CBM 089 Extra"]
[Source "ChessBase"]
[SourceDate "2002.09.10"]
[SourceVersion "2"]
[SourceVersionDate "2002.09.10"]
[SourceQuality "1"]

1. Nf3 g6 2. d4 Bg7 3. e4 d6 4. h3 Nf6 5. Nc3 0-0 6. Be3 c6 7. a4 Qa5 8. Bd3 e5 9. dxe5 dxe5 10. 0-0 Rd8 11. Qc1 Nbd7 12. Ng5 Qb4 13. Na2 Qe7 14. Bc4 Rf8 15. Nc3 Nc5 16. b4 Ne6 17. Bxe6 Bxe6 18. Bc5 Qe8 19. Qe3 Bc4 20. Rfd1 Nd7 21. Bxf8 Bxf8 22. Rab1 Bh6 23. h4 f6 24. Qh3 Nf8 25. Nf3 Rd8 26. Rxd8 Qxd8 27. Rd1 Qb6 28. b5 Be6 29. g4 Qc5 30. Nh2 Bf4 31. Qf3 f5 32. gxf5 gxf5 33. bxc6 bxc6 34. exf5 Bxf5 35. Ng4 Kh8 36. Nf6 Qe7 37. Nce4 Bxe4 38. Nxe4 Qxh4 39. Nd6 Ne6 40. Qxc6 Qg4+ 41. Kf1 Qxd1+ 42. Kg2 Qg4+ 43. Kf1 Qg7 44. Qd5 Qd7 45. a5 e4 46. Qa8+ Kg7 47. Nxe4 Qb5+ 48. c4 Qxc4+ 49. Kg2 Nc7 50. Qb7 Qd5 51. Qb2+ Qe5 52. Qe2 h5 53. Qc4 Qxa5 54. Qd4+ Qe5 55. Qd7+ Kg6 56. Kf3 Bg5 57. Qc6+ Bf6 58. Kg2 Nd5 59. Qc2 Nf4+ 60. Kf3 Qf5 61. Qc4 Qe6 62. Qc2 Qg4+ 63. Ke3 Nd5+ 64. Kd2 Bg5+ 65. Ke1 Qf5 66. Qc6+ Nf6 67. Nd6 Qb1+ 68. Ke2 Qb2+ 0-1

[Event "Paris-ch op"]
[Site "Paris"]
[Date "2002.07.10"]
[Round "5"]
[White "Le Quang, Kim"]
[Black "Pali, Adrian"]
[Result "1-0"]
[WhiteElo "2330"]
[BlackElo "2223"]
[PlyCount "103"]
[EventDate "2002.07.06"]
[EventType "swiss"]
[EventRounds "9"]
[EventCountry "FRA"]
[SourceTitle "CBM 089 Extra"]
[Source "ChessBase"]
[SourceDate "2002.09.10"]
[SourceVersion "2"]
[SourceVersionDate "2002.09.10"]
[SourceQuality "1"]

1. c4 g6 2. Nc3 Bg7 3. g3 Nf6 4. Bg2 0-0 5. d3 e5 6. e4 d6 7. Nge2 Bg4 8. h3 Be6 9. 0-0 Qd7 10. Kh2 Nc6 11. Nd5 Ne8 12. Be3 f5 13. Qd2 Nf6 14. Rae1 Nd8 15. b3 Nh5 16. exf5 gxf5 17. f4 c6 18. Ndc3 Bf7 19. d4 exf4 20. Nxf4 Nxf4 21. Bxf4 Bg6 22. Be3 Nf7 23. Ne2 Rfe8 24. Nf4 Re7 25. d5 c5 26. Ne6 Bf6 27. Kh1 Be5 28. Bf4 Rae8 29. Bxe5 Nxe5 30. Qg5 Nf7 31. Qf6 Nd8 32. h4 Rf7 33. Qg5 Qe7 34. Qh6 f4 35. Rxf4 Rxf4 36. Qxf4 Rf8 37. Qxf8+ Qxf8 38. Nxf8 Kxf8 39. Be4 Bh5 40. Bxh7 Nf7 41. Be4 Ne5 42. Kg2 Kg7 43. Rf1 Bg4 44. Rf4 Be2 45. Kf2 Bh5 46. Bf5 Be8 47. g4 b5 48. Kg3 a5 49. h5 a4 50. Bc2 axb3 51. axb3 bxc4 52. bxc4 1-0

[Event "ROM-ch U20"]
[Site "Baile Tusnad"]
[Date "2000.05.09"]
[Round "7"]
[White "Pali, Adrian"]
[Black "Filip, Lucian Ioan"]
[Result "0-1"]
[WhiteElo "2115"]
[BlackElo "2197"]
[PlyCount "108"]
[EventDate "2000.05.03"]
[EventType "swiss"]
[EventRounds "9"]
[EventCountry "ROU"]
[SourceTitle "EXT 2004"]
[Source "ChessBase"]
[SourceDate "2003.11.25"]
[SourceVersion "1"]
[SourceVersionDate "2003.11.25"]
[SourceQuality "1"]

1. e4 c5 2. Nf3 a6 3. c4 d6 4. Nc3 e5 5. g3 g6 6. Bg2 Bg7 7. 0-0 Ne7 8. d3 0-0 9. Ne1 Nbc6 10. Nc2 Rb8 11. Ne3 Nd4 12. Ncd5 Nxd5 13. Nxd5 Be6 14. Be3 Bxd5 15. cxd5 Nb5 16. Qd2 Qd7 17. f4 exf4 18. gxf4 Bd4 19. Bxd4 Nxd4 20. e5 Rbe8 21. Rae1 Qc7 22. exd6 Qxd6 23. Qf2 a5 24. Re3 Rxe3 25. Qxe3 Qd8 26. Qd2 Re8 27. Re1 Rxe1+ 28. Qxe1 b6 29. Qe5 f6 30. Qe4 Qd6 31. Kf2 Kf7 32. Bh3 Qe7 33. a3 Nb5 34. Be6+ Kg7 35. Qa4 Nd4 36. Qc4 Qd6 37. Kg3 b5 38. Qa2 Ne2+ 39. Kf3 Nxf4 40. b4 axb4 41. axb4 Nxd3 42. Qa7+ Kh6 43. bxc5 Qxc5 44. Qa2 Ne5+ 45. Kg2 Nc4 46. Qa8 b4 47. Qd8 Qd4 48. Qf8+ Kg5 49. Qb8 Qd2+ 50. Kg3 Qe3+ 51. Kg2 Qe2+ 52. Kg1 Ne5 53. h4+ Kxh4 54. Qxb4+ Kg3 0-1

[Event "ROM-ch U20"]
[Site "Baile Tusnad"]
[Date "2000.05.08"]
[Round "6"]
[White "Brezeanu, Claudiu"]
[Black "Pali, Adrian"]
[Result "1/2-1/2"]
[WhiteElo "2199"]
[BlackElo "2115"]
[PlyCount "125"]
[EventDate "2000.05.03"]
[EventType "swiss"]
[EventRounds "9"]
[EventCountry "ROU"]
[SourceTitle "EXT 2004"]
[Source "ChessBase"]
[SourceDate "2003.11.25"]
[SourceVersion "1"]
[SourceVersionDate "2003.11.25"]
[SourceQuality "1"]

1. e4 g6 2. d4 d6 3. Nf3 Nf6 4. Nc3 c6 5. a4 Nbd7 6. Be2 Qc7 7. h3 Bg7 8. 0-0 0-0 9. Be3 b6 10. Nd2 Bb7 11. f4 a6 12. e5 Ne8 13. Nf3 e6 14. Qe1 c5 15. Bd3 Bxf3 16. exd6 Qb8 17. dxc5 Bc6 18. b4 bxc5 19. bxc5 Nef6 20. Rb1 Qa7 21. Qf2 Nd5 22. Nxd5 exd5 23. f5 d4 24. Bg5 f6 25. Bd2 g5 26. h4 g4 27. h5 h6 28. Qxd4 Qxc5 29. Qxc5 Nxc5 30. Bc4+ Kh8 31. Be3 Nxa4 32. Rb4 a5 33. Rb3 Rab8 34. Ra3 Rfe8 35. Ba7 Rb7 36. Bf2 Bf8 37. Bb3 Bxd6 38. Bxa4 Bxa4 39. Rxa4 Bb4 40. c3 Bxc3 41. Rxg4 Rg8 42. Rc4 Be5 43. Rd1 Rbg7 44. Kf1 Rxg2 45. Rd7 R2g7 46. Rxg7 Rxg7 47. Be3 Rg3 48. Bxh6 Rf3+ 49. Ke2 Rxf5 50. Bd2 Rxh5 51. Bxa5 Kg7 52. Bc3 Rh2+ 53. Kf1 Rh1+ 54. Ke2 Rh2+ 55. Kf1 Bxc3 56. Rxc3 Kg6 57. Rc5 f5 58. Ra5 Kg5 59. Ra4 f4 60. Ra5+ Kg4 61. Ra3 Rb2 62. Rc3 f3 63. Rc8 1/2-1/2